| 000 | 01271cam a22003977a 4500 | ||
|---|---|---|---|
| 003 | CHAP | ||
| 005 | 20220817042233.0 | ||
| 008 | 971013s1982 r 00010 d | ||
| 010 | _a38367 | ||
| 011 | _a39339 | ||
| 035 | _a43459 | ||
| 040 | _cCHAP | ||
| 082 |
_a641.3446 _bF3Y 1982 |
||
| 110 | _aFAO | ||
| 245 | 1 | 4 | _aLas leguminosas en la nutrición humana |
| 250 | _a2 ed. | ||
| 260 |
_aRoma : _bFAO, _c1982 |
||
| 300 | _a136 p. | ||
| 490 | 0 |
_aFAO. Alimentación y nutrición _v; 20 |
|
| 590 |
_aBATCH-UPD _b10 _c20130109 _lUCH01 _h2316 |
||
| 590 |
_aBATCH-UPD _b10 _c20130110 _lUCH01 _h0231 |
||
| 590 |
_aBATCH-UPD _b10 _c20130110 _lUCH01 _h1756 |
||
| 590 |
_aBATCH-UPD _b10 _c20130409 _lUCH01 _h2255 |
||
| 590 |
_aBATCH-UPD _b10 _c20130410 _lUCH01 _h1133 |
||
| 590 |
_aBATCH-UPD _b10 _c20130914 _lUCH01 _h0501 |
||
| 590 |
_aCONVERSION _b10 _c20130109 _lUCH01 _h1321 |
||
| 650 | 1 | 4 |
_aLeguminosas _xValor nutritivo. _965853 |
| 650 | 1 | 4 |
_aNutrición. _982246 |
| 700 | 0 | _aAykroyd, W. R. | |
| 700 | 0 |
_aDoughty, Joyce. _934071 |
|
| 830 | 0 |
_aFAO. Alimentación y nutrición _v; 20 _939449 |
|
| 901 | _aBK | ||
| 942 | _cLIBRO | ||
| 949 |
_a641.3446 F3Y 1982 _bBC _cFAO _d-99549 _eFAO1 _h60315 _i43459 _si |
||
| 949 |
_a641.3446 F3Y 1982 _bBC _cFAO _d-99550 _eFAO1 _fc.2 _h82687 _i43459 _si |
||
| 999 |
_c38367 _d38367 |
||